000 00685nam a2200253Ia 4500
003 OSt
005 20221007074255.0
006 a|||||r|||| 00| 0
007 ta
008 221006b |||||||| |||| 00| 0 eng d
024 _a21,784
037 _cTextual
040 _aFLL
_cFLL
_beng
041 _2eng
_aeng
082 _aZ2,801, K3.2
100 _aChitaley V. V.
245 0 _aCode of civil procedure (V of 1908)
250 _a7th
260 _aNagpur
_bAll India Reporter Ltd. India
_c1963
300 _axvi,2752,8p
_ccm.
700 _a Rao S. Appu
_9684036
942 _hZ2,801, K3.2
_cTEXL
_2CC
999 _c1151762
_d1151762